While Messiah tarried: Jewish socialist movements, 1871 - 1917

Saved in:  
Bibliographic Details
Main Author: Levin, Nora 1916-1989 (Author)
Format: Print Book
Language:English
Subito Delivery Service: Order now.
Check availability: HBZ Gateway
WorldCat: WorldCat
Interlibrary Loan:Interlibrary Loan for the Fachinformationsdienste (Specialized Information Services in Germany)
Published: New York Schocken Books 1977
In:Year: 1977
Reviews:While Messiah Tarried: The Jewish Socialist Movements, 1871–1917 by Nora Levin. New York: Schocken Books, 1977, 512 pp. 24.50 (1978) (Herscher, Uri D.)

MARC

LEADER 00000cam a2200000 c 4500
001 160999440X
003 DE-627
005 20251225193914.0
007 tu
008 850101s1977 xx ||||| 00| ||eng c
020 |a 0805206167  |9 0-8052-0616-7 
035 |a (DE-627)160999440X 
035 |a (DE-576)007594186 
035 |a (DE-599)BSZ007594186 
035 |a (OCoLC)03104307 
040 |a DE-627  |b ger  |c DE-627  |e rakwb 
041 |a eng 
082 0 |a 331.6 
084 |a 0  |2 ssgn 
100 1 |8 1\p  |0 (DE-588)1311183515  |0 (DE-627)1871221021  |4 aut  |a Levin, Nora  |d 1916-1989 
109 |a Levin, Nora 1916-1989 
245 1 0 |a While Messiah tarried  |b Jewish socialist movements, 1871 - 1917  |c Nora Levin 
264 1 |a New York  |b Schocken Books  |c 1977 
300 |a IX, 554 S. 
336 |a Text  |b txt  |2 rdacontent 
337 |a ohne Hilfsmittel zu benutzen  |b n  |2 rdamedia 
338 |a Band  |b nc  |2 rdacarrier 
787 0 8 |i Rezensiert in  |a Herscher, Uri D.  |t While Messiah Tarried: The Jewish Socialist Movements, 1871–1917 by Nora Levin. New York: Schocken Books, 1977, 512 pp. 24.50  |d 1978  |w (DE-627)1823095046 
883 |8 1\p  |a cgwrk  |d 20241001  |q DE-101  |u https://d-nb.info/provenance/plan#cgwrk 
951 |a BO 
ELC |b 1 
ORI |a SA-MARC-ixtheo_oa001.raw 
REL |a 1 
SUB |a REL